| 000 | 00461nam a2200169Ia 4500 | ||
|---|---|---|---|
| 003 | GCL | ||
| 008 | 140319s9999 xx 000 0 eng d | ||
| 040 |
_aGCL / _cGCL |
||
| 082 | 0 | 4 |
_a339 _bG M |
| 100 | 1 | _aGREEN,STEVEN I | |
| 245 | 1 | 0 |
_aMICROECONOMICS: ANALYSIS AND APPLICTIONS / _cGREEN,STEVEN I |
| 260 |
_a[S.N] : _bHARCOURT BRACE & COMPANY,PUBLISHERS ، _c1993 |
||
| 300 | _a706 P | ||
| 650 | 0 | 4 | _aECONOMICS |
| 650 | 0 | 4 | _aMACROECONOMICS |
| 942 |
_2ddc _cBK |
||
| 999 |
_c13821 _d13821 |
||